000
00292nam a2200109Ia 4500
008
171211s9999 xx 000 0 und d
245
_a
Historical Dictionary of Crime Films
245
_c
Geoff Mayer
260
_c
2012
650
_x
ART
856
_u
http://down.ebook777.com/061/0810867699.pdf
999
_c
348576
_d
348576